Harry Potter General Knowledge - Statistics

General Stats
  • This quiz has been taken 72 times
  • The average score is 8 of 15
Answer Stats
Question Answer % Correct
Why did Narcissa Malfoy save Harry Potter Harry saved her son
89%
What was the original name of Hagrid's dragon? Norbert
87%
What did Lily Evans gift Slughorn before graduating in the films? A flower petal
72%
Who was the lover of Albus Dumbledore? Gellert Grindelwald
72%
Who was the Grey Lady Helena Ravenclaw
72%
What is the middle name Of Regulus Black? Arcturus
70%
Did Nearly Headless Nick ever join the headless hunt? no
68%
What job did Hermione Granger succeed in? Minister for Magic
66%
Why are nifflers useful? They excel at hunting treasures
62%
Where do bowtruckles live? Forests mainly
47%
How old were James and Lily Potter when they had Harry Potter? 20
38%
What was the name of Ginevra and Harry Potter's firstborn child? James Sirius
36%
Where did Sirius Black live throughout the Goblet of Fire? Some cave
26%
How did Harry Potter discover Arthur Weasley was in danger when guarding the Dept. of Mysteries? Vision
26%
What position did James Potter play in quidditch? Chaser
17%
No matching quizzes found
Score Distribution
Percent of People with Each Score
Percentile by Number Answered
Your Score History
You have not taken this quiz